000 01326nam0a22002891 4500
001 rc\92650
005 20050322170309.1
035 _a(NLR Aleph) 008781080
090 _a7982744
_c7982744
100 _a20021216d1991 u |0rusy50 ca
101 0 _arus
102 _aRU
105 _ay |||||||||
200 1 _aФОРМИРОВАНИЕ арендных отношений на предприятиях обувной промышленности
_f[Сост. к. э. н. Г.И. Газаев и др.]
210 _aМ.
_cЦНИИТЭИлегпром
_d1991
215 _a52 с.
_d21
225 1 _aЭкономика, организация и управление в легкой промышленности
_eОбзор. информ.
_fЦНИИ информ. и техн.-экон. исслед. лег. пром-сти
_v№ 16
300 _aВ надзаг. также: Гос. ком. по лег. пром-сти при Госплане СССР
320 _aБиблиогр.: с. 51
606 1 _aАрендный подряд в обувной промышленности
_2nlr_sh1
701 1 _aГазаев
_bГ. И.
_gГригорий Иванович
801 0 _aRU
_bNLR
_gpsbo
801 1 _aRU
_bELAR
_2rusmarc
801 2 _aRU
_bNLR
_c20050322
_2rusmarc
852 _aNLR
_jП22/5930
942 _cBOOK
980 _aNB